| 000 | 00701nam a2200217 a 4500 | ||
|---|---|---|---|
| 001 | 000007978 | ||
| 005 | 20200929154357.0 | ||
| 008 | 090914s2002 dr a r 000 0 spa d | ||
| 020 | _a99934580802 | ||
| 040 |
_aDO-SdBNP _bspa _cBNPHU |
||
| 082 |
_a641.597293 _bM296c, 2002 |
||
| 100 | 1 |
_aManzano de Ortiz, Mercedes _921800 |
|
| 245 | 1 | 0 |
_aCocinando con Chea de Ortiz / _cMercedes Manzano de Ortiz. |
| 260 |
_aSanto Domingo : _bCentenario, _c2002. |
||
| 300 |
_av. : _bil. ; _c24 cm. |
||
| 500 | _aLa biblioteca posee el volumen 2 | ||
| 590 | _aInventariado, 2018/BT | ||
| 650 | 4 |
_aCocina dominicana _9192 |
|
| 650 | 4 |
_aPreparación de alimentos _9193 |
|
| 910 | _aValidado. Control de calidad. MMOLINA | ||
| 999 |
_c7755 _d7755 |
||